[Event "Neiva op 15th"]
[Site "Neiva"]
[Date "2014.11.17"]
[Round "7"]
[White "Triana, Samuel"]
[Black "Rojas, Alejandro"]
[Result "1-0"]
[WhiteElo "1600"]
[BlackElo "2088"]
[PlyCount "75"]
[EventDate "2014.11.14"]
[EventType "swiss"]
[EventRounds "7"]
[EventCountry "COL"]
[SourceTitle "CBM 163 Extra"]
[Source "ChessBase"]
[SourceDate "2014.12.23"]
[SourceVersion "1"]
[SourceVersionDate "2014.12.23"]
[SourceQuality "1"]

1. e4 e5 2. Bc4 Nf6 3. Nf3 d6 4. c3 h6 5. 0-0 Be7 6. d4 Bg4 7. Be3 Nc6 8. Nbd2 0-0 9. Bb3 a6 10. Bc2 Kh8 11. d5 Nb8 12. Re1 Nh7 13. Nf1 Nd7 14. h3 Bh5 15. Ng3 Bg6 16. b4 Ndf6 17. Nh4 b6 18. Nxg6+ fxg6 19. f4 g5 20. f5 a5 21. b5 Nd7 22. a4 Nhf6 23. Rf1 Qe8 24. c4 Rg8 25. Qe2 g6 26. Rf2 gxf5 27. Nxf5 Bf8 28. Raf1 Qh5 29. Qxh5 Nxh5 30. g4 Nhf6 31. Ng3 Be7 32. Nf5 Bf8 33. Nxh6 Rg6 34. Nf7+ Kg8 35. Nxg5 Bg7 36. Ne6 Rc8 37. Nxg7 Kxg7 38. g5 1-0

[Event "Neiva op 15th"]
[Site "Neiva"]
[Date "2014.11.15"]
[Round "2"]
[White "Triana, Samuel"]
[Black "Osorio Mendez, Hector"]
[Result "1/2-1/2"]
[WhiteElo "1600"]
[BlackElo "1892"]
[PlyCount "50"]
[EventDate "2014.11.14"]
[EventType "swiss"]
[EventRounds "7"]
[EventCountry "COL"]
[SourceTitle "CBM 163 Extra"]
[Source "ChessBase"]
[SourceDate "2014.12.23"]
[SourceVersion "1"]
[SourceVersionDate "2014.12.23"]
[SourceQuality "1"]

1. e4 e5 2. Bc4 Nc6 3. Nf3 h6 4. 0-0 Nf6 5. d3 d6 6. c3 Be7 7. Bb3 Bg4 8. Nbd2 0-0 9. Re1 Nh7 10. Nf1 Bg5 11. h3 Bxc1 12. Rxc1 Bh5 13. Ng3 Bg6 14. Nf5 Qf6 15. N3h4 Kh8 16. Re3 Ne7 17. Nxe7 Qxh4 18. Nxg6+ fxg6 19. Qe2 Rf6 20. Rf3 Raf8 21. Rxf6 Rxf6 22. Rf1 Nf8 23. Qg4 Qxg4 24. hxg4 g5 25. d4 Ng6 1/2-1/2